000 00742nam a22002177a 4500
003 URS
005 20260324133444.0
008 260225b |||||||| |||| 00| 0 eng d
020 _a9786210226973
040 _cURS
050 _aKPM 2789
_b.M3119 2025
100 _aManahan, Catherine T.
245 _aBasic taxation law including republic act nos. 11976, 12023, 12066, and 12079 /
_cJustice Catherine T. Manahan, Atty. Tanya Renee F. Rosales.
250 _a2025 Edition.--
264 _aQuezon City :
_bCentral Book Supply, Inc.,
_c©2025.
300 _axvi, 398 pages ;
_c24 cm.
504 _aIncludes bibliographical references.
650 _aTaxation
_vLaw
_zPhilippines.
700 _aRosales, Tanya Renee F.
942 _2lcc
_cF
999 _c98945
_d98942